000 01146nam a2200289 a 4500
999 _c328313
_d328313
003 BLK
005 20250801084455.0
008 181221b bu ||||| |||| 00| 0 bu d
020 _a9789543992621
040 _aBLK
041 _aBUL
_cBUL
080 _aАмериканска литература (на САЩ)
_b821.111(73)
_x-31
_z821.111(73)-31
100 _aКлейпас, Лайза
_eпърви автор
_91299
139 _aКлейпас, Лайза
_bК 63
245 _aДиви нощи
_cЛайза Клейпас ; прев. Петя Михайлова
257 _aUSA
260 _9219405
_aСофия
_bСББ Медиа
_c2018
_dСанома блясък България
300 _a240 с.
_c20 см
380 _aX
490 _9208720
_aКолекция Любов и страст
500 _aОриг. загл.: Because you're mine / Lisa Kleypas. - Кн. се разпространява с изд. на СББ Медиа
700 _9966
_aМихайлова, Петя
_eпрев.
852 _aЦб 292966
_bЦб
942 _cKNG
_n0
_027
944 _k30575
_lМартин Енчев
999 _d328313